K problematike medzinárodných rizík ako súčasti neživotných rizík v období dlhovej krízy
Medzinárodné riziká ako súčasť neživotných rizík. Členenie medzinárodných rizík na: komerčné, politicko-hospodárske riziká a osobitné druhy rizík. Riziká pri zahraničných investíciách. Poistenie medzinárodných rizík ako súčasti neživotných rizík v komerčných poisťovniach.
Gespeichert in:
| 1. Verfasser: | |
|---|---|
| Format: | Buchkapitel |
| Sprache: | Slowakisch |
| Schlagworte: | |
| Tags: |
Keine Tags, Fügen Sie das erste Tag hinzu!
|
MARC
| LEADER | 00000nla a2200000 4500 | ||
|---|---|---|---|
| 001 | 0174854 | ||
| 005 | 20240502073000.6 | ||
| 041 | 0 | |a slo | |
| 044 | |a SK | ||
| 245 | 1 | 0 | |a K problematike medzinárodných rizík ako súčasti neživotných rizík v období dlhovej krízy |c Barbora Drugdová |
| 520 | |a Medzinárodné riziká ako súčasť neživotných rizík. Členenie medzinárodných rizík na: komerčné, politicko-hospodárske riziká a osobitné druhy rizík. Riziká pri zahraničných investíciách. Poistenie medzinárodných rizík ako súčasti neživotných rizík v komerčných poisťovniach. | ||
| 610 | 2 | 0 | |a poisťovníctvo |
| 610 | 2 | 0 | |a poisťovne komerčné |
| 610 | 2 | 0 | |a riziko |
| 610 | 2 | 0 | |a poistenie neživotné |
| 610 | 2 | 0 | |a poistenie životné |
| 610 | 2 | 0 | |a kríza |
| 100 | 1 | |a Drugdová, Barbora | |